000 00331 a2200145 4500
001 157252
020 _a9788574068084
040 _cEscola São Tomás de Aquino
100 _aLALAU
240 1 0 _aBebês brasileirinhos
_lpor
245 1 0 _aBebês brasileirinhos
362 0 _a2017
697 _a*LITERATURA INFANTIL
942 _cBK
999 _c157252
_d157252